More Chinese Vocabulary - Statistics

General Stats
  • This quiz has been taken 44 times
  • The average score is 7 of 30
Answer Stats
English Word Vocab Word % Correct
Earth 地球
67%
Geography 地理
56%
Culture 文化
56%
Research 研究
44%
Population 人口
44%
City 城市
44%
Economy 经济
44%
Activity 活动
33%
Influence 影响
33%
Environment 环境
33%
Nature 自然
33%
Development 发展
33%
Protection 保护
33%
Climate 气候
22%
Biology 生物
22%
Technology 技术
22%
Surface 表面
11%
Characteristic 特征
11%
Humanity 人类
11%
Phenomenon 现象
11%
Resources 资源
11%
Planning 规划
11%
Landform 地形
0%
Hydrology 水文
0%
Distribution 分布
0%
Discipline 学科
0%
Humanities 人文
0%
Ecosystem 生态系统
0%
Disaster 灾害
0%
Remote Sensing 遥感
0%
No matching quizzes found
Score Distribution
Percent of People with Each Score
Percentile by Number Answered
Your Score History
You have not taken this quiz